|
|
|
|
| LEADER |
00000cam a2200000 c 4500 |
| 001 |
1004791402 |
| 003 |
DE-627 |
| 005 |
20251224210527.0 |
| 007 |
tu |
| 008 |
171115s2018 xxk||||| 00| ||eng c |
| 010 |
|
|
|a 2017052179
|
| 020 |
|
|
|a 9781138067370
|c hbk
|9 978-1-138-06737-0
|
| 035 |
|
|
|a (DE-627)1004791402
|
| 035 |
|
|
|a (DE-599)GBV1004791402
|
| 040 |
|
|
|a DE-627
|b ger
|c DE-627
|e rda
|
| 041 |
|
|
|a eng
|
| 044 |
|
|
|c XA-GB
|
| 050 |
|
0 |
|a R727.35
|
| 082 |
0 |
|
|a 174.2
|q LOC
|2 23
|
| 245 |
0 |
0 |
|a Critical perspectives on coercive interventions
|b law, medicine and society
|c edited by Claire Spivakovsky, Kate Seear and Adrian Carter
|
| 264 |
|
1 |
|a London
|a New York
|b Routledge
|c 2018
|
| 300 |
|
|
|a xii, 254 Seiten
|
| 336 |
|
|
|a Text
|b txt
|2 rdacontent
|
| 337 |
|
|
|a ohne Hilfsmittel zu benutzen
|b n
|2 rdamedia
|
| 338 |
|
|
|a Band
|b nc
|2 rdacarrier
|
| 490 |
1 |
|
|a Routledge frontiers of criminal justice
|v 55
|
| 500 |
|
|
|a Bandzählung laut Library of Congress CIP (Rückseite der Titelseite), aber neuere Bände der Reihe ohne Zählung in der Vorlage (Band 55 doppelt vorhanden, Zählung dort "nur" ermittelt)
|
| 650 |
|
0 |
|a Involuntary treatment
|x Moral and ethical aspects
|
| 650 |
|
0 |
|a Medical Ethics
|x Miscellanea
|
| 700 |
1 |
|
|a Spivakovsky, Claire
|e HerausgeberIn
|0 (DE-588)1035266156
|0 (DE-627)747116857
|0 (DE-576)382876385
|4 edt
|
| 776 |
1 |
|
|z 9781315158693
|c ebk
|
| 830 |
|
0 |
|a Routledge frontiers of criminal justice
|v 55
|9 55
|w (DE-627)739725017
|w (DE-576)368445488
|w (DE-600)2709610-5
|7 am
|
| 856 |
4 |
2 |
|u https://swbplus.bsz-bw.de/bsz1004791402inh.htm
|m V:DE-576;B:DE-Frei85
|q application/pdf
|v 20200430173500
|3 Inhaltsverzeichnis
|7 1
|
| 935 |
|
|
|a mkri
|
| 951 |
|
|
|a BO
|
| ELC |
|
|
|b 1
|
| LOK |
|
|
|0 000 xxxxxcx a22 zn 4500
|
| LOK |
|
|
|0 001 3581427567
|
| LOK |
|
|
|0 003 DE-627
|
| LOK |
|
|
|0 004 1004791402
|
| LOK |
|
|
|0 005 20200427151456
|
| LOK |
|
|
|0 008 200124||||||||||||||||ger|||||||
|
| LOK |
|
|
|0 040
|a DE-Frei85
|c DE-627
|d DE-Frei85
|
| LOK |
|
|
|0 852
|a DE-Frei85
|
| LOK |
|
|
|0 852 1
|m p
|9 00
|
| LOK |
|
|
|0 938
|k p
|
| LOK |
|
|
|0 939
|a 24-01-20
|b l01
|
| ORI |
|
|
|a SA-MARC-krimdoka001.raw
|